[Event "Mittelfranken-chTB2b 1819"]
[Site "Mittelfranken"]
[Date "2019.01.27"]
[Round "4.7"]
[White "Brunner, Wolfgang"]
[Black "Stolpynskyy, Mark"]
[Result "1/2-1/2"]
[WhiteElo "1867"]
[BlackElo "1959"]
[PlyCount "65"]
[EventDate "2018.10.14"]
[EventType "team-tourn"]
[EventRounds "9"]
[EventCountry "GER"]
[SourceTitle "EXT 2022"]
[Source "ChessBase"]
[SourceDate "2021.10.06"]
[SourceVersion "1"]
[SourceVersionDate "2021.10.06"]
[SourceQuality "1"]
[WhiteTeam "Neumarkt"]
[BlackTeam "Nuernberg Sued SW III"]
[WhiteTeamCountry "GER"]
[BlackTeamCountry "GER"]

1. d4 Nf6 2. Nf3 e6 3. c4 Bb4+ 4. Bd2 Qe7 5. e3 0-0 6. Bd3 Bxd2+ 7. Nbxd2 d6 8. 0-0 Nbd7 9. Rc1 e5 10. Qc2 Re8 11. dxe5 dxe5 12. Bf5 g6 13. Bh3 e4 14. Bxd7 Bxd7 15. Nd4 c5 16. Ne2 Bc6 17. Nc3 Rad8 18. Rfd1 Qe5 19. Nf1 Qe6 20. b3 Qg4 21. Rd2 Rd3 22. Ng3 Rxd2 23. Qxd2 h5 24. Qd6 Kg7 25. Qxc5 h4 26. h3 Qe6 27. Nge2 b6 28. Qa3 g5 29. Nd4 Qc8 30. Qd6 Ba8 31. Nce2 Qc5 32. Qxc5 bxc5 33. Nb5 1/2-1/2

[Event "Mittelfranken-chTB2b 1718"]
[Site "Mittelfranken"]
[Date "2018.03.04"]
[Round "6.7"]
[White "Brunner, Wolfgang"]
[Black "Ruderer, Thomas"]
[Result "1-0"]
[WhiteElo "1847"]
[BlackElo "1671"]
[PlyCount "80"]
[EventDate "2017.10.08"]
[EventType "team-tourn"]
[EventRounds "9"]
[EventCountry "GER"]
[SourceTitle "EXT 2022"]
[Source "ChessBase"]
[SourceDate "2021.10.06"]
[SourceVersion "1"]
[SourceVersionDate "2021.10.06"]
[SourceQuality "1"]
[WhiteTeam "Neumarkt"]
[BlackTeam "Heideck/Hilpoltstein"]
[WhiteTeamCountry "GER"]
[BlackTeamCountry "GER"]

1. d4 Nf6 2. c4 g6 3. Nc3 Bg7 4. e4 d6 5. f3 0-0 6. Be3 e5 7. d5 Nh5 8. Qd2 f5 9. 0-0-0 fxe4 10. Nxe4 Nd7 11. Ne2 a6 12. N2c3 Ndf6 13. Bg5 Nxe4 14. Nxe4 Nf6 15. Bd3 Qe8 16. g4 b5 17. Bxf6 Bxf6 18. c5 dxc5 19. Nxc5 Qe7 20. Ne4 Bb7 21. Bc2 Rad8 22. Bb3 Kh8 23. Qe3 a5 24. g5 Bg7 25. Qa7 a4 26. Qxb7 axb3 27. a3 Rb8 28. Qa7 Ra8 29. Qc5 Qd7 30. Rd3 Ra4 31. Rc3 Rxf3 32. Rxf3 Rc4+ 33. Qxc4 bxc4 34. Rd1 Qg4 35. Re3 Qf4 36. Rde1 Qxh2 37. R1e2 Qf4 38. Kd2 Qf7 39. Kc3 c6 40. d6 Qd5 1-0

[Event "Mittelfranken-chTB2b 1718"]
[Site "Mittelfranken"]
[Date "2018.02.18"]
[Round "5.6"]
[White "Brunner, Wolfgang"]
[Black "Nagel, Felix"]
[Result "1/2-1/2"]
[WhiteElo "1847"]
[BlackElo "1709"]
[PlyCount "110"]
[EventDate "2017.10.08"]
[EventType "team-tourn"]
[EventRounds "9"]
[EventCountry "GER"]
[SourceTitle "EXT 2022"]
[Source "ChessBase"]
[SourceDate "2021.10.06"]
[SourceVersion "1"]
[SourceVersionDate "2021.10.06"]
[SourceQuality "1"]
[WhiteTeam "Neumarkt"]
[BlackTeam "Nuernberg Anderssen"]
[WhiteTeamCountry "GER"]
[BlackTeamCountry "GER"]

1. d4 d5 2. c4 e6 3. Nf3 Nf6 4. Nc3 Be7 5. Qc2 0-0 6. Bg5 Nbd7 7. cxd5 exd5 8. e3 Re8 9. Bd3 c6 10. h3 h6 11. Bf4 Nf8 12. 0-0 Bd6 13. Ne5 Qc7 14. Rac1 Qe7 15. Rfe1 N6d7 16. Nf3 Ne6 17. Bxd6 Qxd6 18. e4 dxe4 19. Nxe4 Qf4 20. Nc3 Nf6 21. Rcd1 Bd7 22. Qb3 Qc7 23. Ne5 Rad8 24. Bf5 Bc8 25. Nf3 Nd5 26. Rc1 Nxc3 27. bxc3 Nf4 28. Bxc8 Qxc8 29. Ne5 Re6 30. Re3 Rde8 31. Rce1 Nd5 32. Re4 f6 33. c4 Nb6 34. f4 fxe5 35. fxe5 Qc7 36. a4 c5 37. d5 Rxe5 38. Qg3 Rxe4 39. Qxc7 Rxe1+ 40. Kh2 Nxc4 41. d6 Nxd6 42. Qxd6 R1e5 43. Qd3 Kh8 44. Qb5 b6 45. Qa6 R5e7 46. Qb5 Rc8 47. Qa6 Rec7 48. Qc4 Rb8 49. g4 a6 50. Qf4 Rcc8 51. g5 h5 52. Qf7 c4 53. Qxh5+ Kg8 54. g6 c3 55. Qd5+ Kh8 1/2-1/2

[Event "Mittelfranken-chT2b 1617"]
[Site "Mittelfranken"]
[Date "2017.02.12"]
[Round "6.5"]
[White "Korth, Manfred"]
[Black "Brunner, Wolfgang"]
[Result "1-0"]
[WhiteElo "1821"]
[BlackElo "1857"]
[PlyCount "109"]
[EventDate "2016.10.23"]
[EventType "team-tourn"]
[EventRounds "9"]
[EventCountry "GER"]
[SourceTitle "EXT 2022"]
[Source "ChessBase"]
[SourceDate "2021.10.06"]
[SourceVersion "1"]
[SourceVersionDate "2021.10.06"]
[SourceQuality "1"]
[WhiteTeam "Heideck/Hilpoltstein"]
[BlackTeam "Neumarkt"]
[WhiteTeamCountry "GER"]
[BlackTeamCountry "GER"]

1. d3 d5 2. Nd2 g6 3. e4 dxe4 4. dxe4 Bg7 5. Ngf3 Nf6 6. c3 0-0 7. Qc2 c5 8. Be2 Nc6 9. 0-0 Qc7 10. Re1 Be6 11. b3 Rad8 12. Ba3 Qa5 13. Bb2 Rd7 14. Nc4 Bxc4 15. Bxc4 e6 16. a4 Rfd8 17. g3 Ng4 18. Bb5 Nge5 19. Nxe5 Nxe5 20. Re2 Rd6 21. f4 Rd2 22. Qb1 Ng4 23. e5 c4 24. Qe4 Qb6+ 25. Kg2 Rd1 26. Rxd1 Rxd1 27. Qf3 h5 28. Bxc4 Qg1+ 29. Kh3 Rf1 30. Qg2 Nf2+ 31. Rxf2 Qxf2 32. Bxf1 Qb6 33. b4 Qc7 34. Qd2 Bf8 35. Bb5 Qb6 36. Qd4 Qc7 37. Qxa7 h4 38. Qd4 hxg3 39. hxg3 b6 40. Bc1 Qb7 41. Qg1 Qf3 42. Be3 Be7 43. a5 bxa5 44. bxa5 f6 45. Bd4 f5 46. Qf1 Qe4 47. a6 g5 48. a7 gxf4 49. gxf4 Kf7 50. Qg2 Qxf4 51. Qg3 Qh6+ 52. Kg2 Qd2+ 53. Bf2 Qd5+ 54. Qf3 Qxb5 55. a8Q 1-0

[Event "Mittelfranken-chTB2b 1516"]
[Site "Mittelfranken"]
[Date "2016.01.24"]
[Round "5.4"]
[White "Heinkelmann, Josef"]
[Black "Brunner, Wolfgang"]
[Result "1/2-1/2"]
[WhiteElo "1856"]
[BlackElo "1862"]
[PlyCount "40"]
[EventDate "2015.10.18"]
[EventType "team-tourn"]
[EventRounds "9"]
[EventCountry "GER"]
[SourceTitle "EXT 2020"]
[Source "ChessBase"]
[SourceDate "2019.10.17"]
[SourceVersion "1"]
[SourceVersionDate "2019.10.17"]
[SourceQuality "1"]
[WhiteTeam "Forchheim III"]
[BlackTeam "Neumarkt"]
[WhiteTeamCountry "GER"]
[BlackTeamCountry "GER"]

1. c4 c5 2. Nf3 Nc6 3. Nc3 g6 4. g3 Bg7 5. Bg2 Nf6 6. d4 cxd4 7. Nxd4 0-0 8. 0-0 Qb6 9. Ndb5 a6 10. Be3 Qa5 11. Nd4 Ng4 12. Nxc6 dxc6 13. Bd2 Rd8 14. Nd5 Qc5 15. Bb4 Qd4 16. Qxd4 Bxd4 17. Nxe7+ Kg7 18. Nxc8 Raxc8 19. Bh3 f5 20. e3 Bxb2 1/2-1/2

[Event "Mittelfranken-chTB2b 1516"]
[Site "Mittelfranken"]
[Date "2015.11.08"]
[Round "2.5"]
[White "Loebel, Petra"]
[Black "Brunner, Wolfgang"]
[Result "1/2-1/2"]
[WhiteElo "1847"]
[BlackElo "1862"]
[PlyCount "116"]
[EventDate "2015.10.18"]
[EventType "team-tourn"]
[EventRounds "9"]
[EventCountry "GER"]
[SourceTitle "EXT 2020"]
[Source "ChessBase"]
[SourceDate "2019.10.17"]
[SourceVersion "1"]
[SourceVersionDate "2019.10.17"]
[SourceQuality "1"]
[WhiteTeam "Nuernberg NT IV"]
[BlackTeam "Neumarkt"]
[WhiteTeamCountry "GER"]
[BlackTeamCountry "GER"]

1. e4 c6 2. Nc3 d5 3. Nf3 g6 4. g3 Bg7 5. Qe2 d4 6. Nb1 Bg4 7. Bg2 Nd7 8. d3 Ne5 9. Nbd2 Qa5 10. 0-0 Rd8 11. h3 Bxf3 12. Nxf3 Nxf3+ 13. Qxf3 e6 14. Qe2 Ne7 15. f4 0-0 16. g4 Qc5 17. a4 b5 18. Qf2 b4 19. Bd2 a5 20. Rac1 f6 21. Rfd1 Qd6 22. Bf1 c5 23. c3 Nc6 24. cxb4 Nxb4 25. Bxb4 cxb4 26. Rc4 Bh6 27. Bg2 Bxf4 28. Qc2 Be3+ 29. Kh1 Qg3 30. Rc5 Bf4 31. Bf1 b3 32. Qg2 Qxg2+ 33. Bxg2 Rc8 34. Rb5 Rb8 35. Rxa5 Rfc8 36. Rf1 e5 37. Bf3 Rc2 38. Bd1 Rxb2 39. Rb5 Ra8 40. Rxb3 Rh2+ 41. Kg1 Rxh3 42. Ra3 Ra5 43. Rf3 Rxf3 44. Bxf3 Bd2 45. Bd1 Kg7 46. Bb3 Kh6 47. Kg2 Kg5 48. Kf3 Ra7 49. Ra2 Bc3 50. Bc4 Ra8 51. Bb5 Ba5 52. Rc2 Ra7 53. Rc6 h5 54. gxh5 gxh5 55. Rc8 Bd2 56. Rg8+ Kh6 57. Rh8+ Rh7 58. Ra8 Rb7 1/2-1/2

[Event "Mittelfranken-chTB2b 1415"]
[Site "Mittelfranken"]
[Date "2015.03.22"]
[Round "8.5"]
[White "Puschak, Oliver"]
[Black "Brunner, Wolfgang"]
[Result "1/2-1/2"]
[WhiteElo "1952"]
[BlackElo "1862"]
[PlyCount "42"]
[EventDate "2014.09.28"]
[EventType "team-tourn"]
[EventRounds "9"]
[EventCountry "GER"]
[SourceTitle "EXT 2020"]
[Source "ChessBase"]
[SourceDate "2019.10.17"]
[SourceVersion "1"]
[SourceVersionDate "2019.10.17"]
[SourceQuality "1"]
[WhiteTeam "Lauf SV"]
[BlackTeam "Neumarkt"]
[WhiteTeamCountry "GER"]
[BlackTeamCountry "GER"]

1. b3 e5 2. Bb2 Nc6 3. f4 d6 4. fxe5 dxe5 5. Nc3 Nf6 6. e4 Bb4 7. Qf3 Bg4 8. Qd3 0-0 9. Nf3 Bxc3 10. Bxc3 Qe7 11. 0-0-0 Nb4 12. Bxb4 Qxb4 13. Re1 Rfd8 14. Qb5 a5 15. Qxb4 axb4 16. Nxe5 Rxa2 17. d3 Ra1+ 18. Kd2 Rxe1 19. Kxe1 Ra8 20. h3 Ra1+ 21. Kd2 Rd1+ 1/2-1/2

[Event "Mittelfranken-chTB2b 1415"]
[Site "Mittelfranken"]
[Date "2015.03.08"]
[Round "7.4"]
[White "Brunner, Wolfgang"]
[Black "Korth, Manfred"]
[Result "1/2-1/2"]
[WhiteElo "1862"]
[BlackElo "1808"]
[PlyCount "23"]
[EventDate "2014.09.28"]
[EventType "team-tourn"]
[EventRounds "9"]
[EventCountry "GER"]
[SourceTitle "EXT 2020"]
[Source "ChessBase"]
[SourceDate "2019.10.17"]
[SourceVersion "1"]
[SourceVersionDate "2019.10.17"]
[SourceQuality "1"]
[WhiteTeam "Neumarkt"]
[BlackTeam "Heideck/Hilpoltstein"]
[WhiteTeamCountry "GER"]
[BlackTeamCountry "GER"]

1. d4 d6 2. c4 e5 3. dxe5 dxe5 4. Qxd8+ Kxd8 5. Nc3 c6 6. Nf3 f6 7. a3 Be6 8. e4 Nd7 9. Be3 Bc5 10. Bxc5 Nxc5 11. 0-0-0+ Kc7 12. Kc2 1/2-1/2

[Event "Mittelfranken-chTB2b 1415"]
[Site "Mittelfranken"]
[Date "2014.11.16"]
[Round "3.7"]
[White "Brunner, Wolfgang"]
[Black "Arlt, Birgit"]
[Result "1-0"]
[WhiteElo "1862"]
[BlackElo "1589"]
[PlyCount "113"]
[EventDate "2014.09.28"]
[EventType "team-tourn"]
[EventRounds "9"]
[EventCountry "GER"]
[SourceTitle "EXT 2020"]
[Source "ChessBase"]
[SourceDate "2019.10.17"]
[SourceVersion "1"]
[SourceVersionDate "2019.10.17"]
[SourceQuality "1"]
[WhiteTeam "Neumarkt"]
[BlackTeam "Schwanstetten"]
[WhiteTeamCountry "GER"]
[BlackTeamCountry "GER"]

1. d4 d5 2. c4 Nf6 3. cxd5 Qxd5 4. Nc3 Qd8 5. e4 e6 6. Bg5 Be7 7. Nf3 0-0 8. Qb3 Nbd7 9. Rd1 c6 10. Be2 Re8 11. 0-0 Qc7 12. Bh4 Nh5 13. Bxe7 Rxe7 14. d5 exd5 15. exd5 Qd6 16. dxc6 Qxc6 17. Qb4 Re8 18. Bb5 Qb6 19. Rd6 Qd8 20. Bxd7 Bxd7 21. Qxb7 Bc8 22. Qc6 Bb7 23. Qc5 Qe7 24. Nd5 Bxd5 25. Rxd5 Nf6 26. Rf5 Qxc5 27. Rxc5 h6 28. Rfc1 Rad8 29. b4 Nd5 30. R5c4 Nb6 31. Rc7 Rc8 32. Rxc8 Rxc8 33. Rxc8+ Nxc8 34. Nd4 Kf8 35. Kf1 Ke8 36. Ke2 Kd7 37. Nf5 g6 38. Nxh6 f6 39. Kd3 Nb6 40. Ng4 Ke6 41. a3 Nd5 42. g3 Nb6 43. Ne3 g5 44. h3 f5 45. f4 Kf6 46. Kd4 gxf4 47. gxf4 Ke6 48. h4 Nd7 49. h5 Nf6 50. h6 Nh7 51. Kc5 Kf6 52. Kc6 Kg6 53. Kb7 Kxh6 54. Nxf5+ Kg6 55. Nd4 Kf6 56. Kxa7 Nf8 57. b5 1-0

[Event "Mittelfranken-chTB2b 1314"]
[Site "Mittelfranken"]
[Date "2014.02.16"]
[Round "6.6"]
[White "Brunner, Wolfgang"]
[Black "Mettal, Thomas"]
[Result "1-0"]
[WhiteElo "1862"]
[BlackElo "1673"]
[PlyCount "89"]
[EventDate "2013.10.20"]
[EventType "team-tourn"]
[EventRounds "9"]
[EventCountry "GER"]
[SourceTitle "EXT 2020"]
[Source "ChessBase"]
[SourceDate "2019.10.17"]
[SourceVersion "1"]
[SourceVersionDate "2019.10.17"]
[SourceQuality "1"]
[WhiteTeam "Neumarkt"]
[BlackTeam "Bubenreuth/Moehrendorf"]
[WhiteTeamCountry "GER"]
[BlackTeamCountry "GER"]

1. d4 Nf6 2. c4 g6 3. Nc3 d5 4. cxd5 Nxd5 5. e4 Nxc3 6. bxc3 Bg7 7. Bc4 c5 8. Ne2 cxd4 9. cxd4 Nc6 10. Be3 0-0 11. 0-0 e6 12. Rc1 Na5 13. Bd3 b6 14. Qd2 Bb7 15. Bh6 Qe7 16. Bxg7 Kxg7 17. Qb2 Kg8 18. Rc3 Rac8 19. Rfc1 Rxc3 20. Rxc3 Rc8 21. Rxc8+ Bxc8 22. Qc3 Bb7 23. h3 Qd6 24. f3 Qc6 25. Kf2 Qxc3 26. Nxc3 Nc6 27. Ke3 Kf8 28. a3 Ke7 29. f4 f5 30. exf5 exf5 31. g4 Bc8 32. d5 Nb8 33. gxf5 Bxf5 34. Bxf5 gxf5 35. Kd4 Nd7 36. Nb5 a6 37. Nc7 a5 38. Kc4 Kd6 39. Ne8+ Ke7 40. Ng7 Kf6 41. Nh5+ Ke7 42. Ng3 Kf6 43. Kb5 Ke7 44. Nxf5+ Kd8 45. d6 1-0

[Event "Mittelfranken-chTB2b 1314"]
[Site "Mittelfranken"]
[Date "2014.01.26"]
[Round "5.6"]
[White "Nachtrab, Robert"]
[Black "Brunner, Wolfgang"]
[Result "1/2-1/2"]
[WhiteElo "1632"]
[BlackElo "1862"]
[PlyCount "49"]
[EventDate "2013.10.20"]
[EventType "team-tourn"]
[EventRounds "9"]
[EventCountry "GER"]
[SourceTitle "EXT 2020"]
[Source "ChessBase"]
[SourceDate "2019.10.17"]
[SourceVersion "1"]
[SourceVersionDate "2019.10.17"]
[SourceQuality "1"]
[WhiteTeam "Buechenbach/Roth III"]
[BlackTeam "Neumarkt"]
[WhiteTeamCountry "GER"]
[BlackTeamCountry "GER"]

1. e4 d5 2. exd5 Nf6 3. Nc3 Nxd5 4. Bc4 c6 5. Qf3 Nf6 6. Ne4 Qd4 7. Nxf6+ exf6 8. Qe3+ Qxe3+ 9. fxe3 Bf5 10. d3 Bd6 11. Nf3 0-0 12. 0-0 b5 13. Bb3 a5 14. a4 b4 15. Nd4 Bd7 16. Bd2 Be5 17. c3 Na6 18. Bc4 bxc3 19. bxc3 Nc5 20. Nb3 Nxb3 21. Bxb3 Rab8 22. Rab1 Be6 23. Bxe6 fxe6 24. c4 Bc7 25. Bc3 1/2-1/2

[Event "Mittelfranken-chTB2b 1213"]
[Site "Germany"]
[Date "2013.04.21"]
[Round "8.7"]
[White "Hetzner, Helmut"]
[Black "Brunner, Wolfgang"]
[Result "1-0"]
[WhiteElo "1802"]
[BlackElo "1862"]
[PlyCount "61"]
[EventDate "2012.10.07"]
[EventType "team-tourn"]
[EventRounds "9"]
[EventCountry "GER"]
[SourceTitle "EXT 2019"]
[Source "ChessBase"]
[SourceDate "2018.10.10"]
[SourceVersion "1"]
[SourceVersionDate "2018.10.10"]
[SourceQuality "1"]
[WhiteTeam "Muehlhof/Schwabach"]
[BlackTeam "Neumarkt"]
[WhiteTeamCountry "GER"]
[BlackTeamCountry "GER"]

1. e4 c6 2. d4 d5 3. exd5 cxd5 4. c4 Nf6 5. Nc3 e6 6. Nf3 Be7 7. Bf4 0-0 8. Bd3 Nc6 9. 0-0 Nb4 10. Be2 dxc4 11. Bxc4 Nbd5 12. Be5 Qa5 13. Rc1 b6 14. Qe2 Bb7 15. Nd2 Rac8 16. a3 a6 17. Nb3 Nxc3 18. Rxc3 Qa4 19. Nd2 b5 20. Bb3 Qa5 21. Rg3 Rfd8 22. Qe3 Ne8 23. f4 Bd5 24. f5 Bxb3 25. Nxb3 Qb6 26. f6 Bd6 27. Qh6 Bf8 28. fxg7 Bc5 29. Nxc5 Rxc5 30. Rh3 Nf6 31. Bxf6 1-0

[Event "Mittelfranken-chTB2b 1213"]
[Site "Germany"]
[Date "2013.02.11"]
[Round "7.5"]
[White "Brunner, Wolfgang"]
[Black "Schoenberger, Andreas"]
[Result "0-1"]
[WhiteElo "1862"]
[BlackElo "1815"]
[PlyCount "119"]
[EventDate "2012.10.07"]
[EventType "team-tourn"]
[EventRounds "9"]
[EventCountry "GER"]
[SourceTitle "EXT 2019"]
[Source "ChessBase"]
[SourceDate "2018.10.10"]
[SourceVersion "1"]
[SourceVersionDate "2018.10.10"]
[SourceQuality "1"]
[WhiteTeam "Neumarkt"]
[BlackTeam "Buechenbach/Roth II"]
[WhiteTeamCountry "GER"]
[BlackTeamCountry "GER"]

1. d4 Nf6 2. c4 g6 3. Nc3 Bg7 4. e4 d6 5. f3 0-0 6. Be3 Nbd7 7. Qd2 e5 8. d5 Nh5 9. 0-0-0 f5 10. Bg5 Ndf6 11. exf5 gxf5 12. Bd3 Qe8 13. Nh3 a6 14. Kb1 Bd7 15. Qc2 b5 16. Nf2 bxc4 17. Bxc4 Qg6 18. Bxf6 Nxf6 19. Nd3 Kh8 20. g3 Bh6 21. Nf2 Qh5 22. Be2 Qf7 23. Ka1 Be3 24. Bc4 Qh5 25. Qe2 Bd4 26. h3 Rfb8 27. g4 Qh4 28. Rd2 Rb4 29. Nfd1 fxg4 30. Bb3 gxh3 31. Qd3 Rg8 32. Rdh2 Nh5 33. Bc2 Rg6 34. Qxa6 Rg5 35. Qa8+ Rg8 36. Qa5 Bb6 37. Qa6 Ng3 38. Re1 Nf5 39. Qe2 Nd4 40. Qf1 Nxc2+ 41. Rxc2 Rg1 42. Qxg1 Bxg1 43. Rxg1 Qd4 44. Rf1 Qd3 45. Rff2 Rf4 46. Rcd2 Qg6 47. a3 Qf7 48. Ne4 h6 49. Rd3 Bf5 50. Rfd2 Rh4 51. Ndf2 h2 52. Nh1 Qg6 53. Rd1 Qg2 54. Rc3 Bxe4 55. fxe4 Qxe4 56. Rxc7 Rg4 57. Rc8+ Kh7 58. Rc7+ Kg6 59. Rcc1 Rg2 60. Rc6 0-1

[Event "Mittelfranken-chTB2b 1213"]
[Site "Germany"]
[Date "2012.11.18"]
[Round "3.7"]
[White "Lenz, Harald"]
[Black "Brunner, Wolfgang"]
[Result "0-1"]
[WhiteElo "1770"]
[BlackElo "1862"]
[PlyCount "60"]
[EventDate "2012.10.07"]
[EventType "team-tourn"]
[EventRounds "9"]
[EventCountry "GER"]
[SourceTitle "EXT 2019"]
[Source "ChessBase"]
[SourceDate "2018.10.10"]
[SourceVersion "1"]
[SourceVersionDate "2018.10.10"]
[SourceQuality "1"]
[WhiteTeam "Nuernberg NT IV"]
[BlackTeam "Neumarkt"]
[WhiteTeamCountry "GER"]
[BlackTeamCountry "GER"]

1. d4 Nf6 2. g3 e6 3. Bg2 d5 4. Nf3 Be7 5. 0-0 0-0 6. b3 c6 7. Bb2 b6 8. Nbd2 Nbd7 9. Re1 Bb7 10. c4 Rc8 11. Rc1 c5 12. cxd5 Nxd5 13. a3 cxd4 14. Nxd4 Rxc1 15. Qxc1 Nc5 16. b4 Na4 17. Ba1 Qd7 18. Qc2 Rc8 19. Qb3 Bf6 20. e3 b5 21. Qd3 a6 22. N2b3 Rc7 23. Qd2 Qc8 24. Rc1 Rc4 25. Bf1 Rxc1 26. Nxc1 Ndc3 27. Ncb3 e5 28. Nc2 Qc6 29. f3 Qxf3 30. Bg2 Ne2+ 0-1

[Event "Mittelfranken-chTB2b 1112"]
[Site "Germany"]
[Date "2012.03.11"]
[Round "8.5"]
[White "Brunner, Wolfgang"]
[Black "Proeschel, Gerhard"]
[Result "1/2-1/2"]
[WhiteElo "1837"]
[BlackElo "1861"]
[PlyCount "85"]
[EventDate "2011.09.25"]
[EventType "team-tourn"]
[EventRounds "9"]
[EventCountry "GER"]
[SourceTitle "EXT 2018"]
[Source "ChessBase"]
[SourceDate "2017.10.13"]
[SourceVersion "1"]
[SourceVersionDate "2017.10.13"]
[SourceQuality "1"]
[WhiteTeam "Neumarkt"]
[BlackTeam "Muehlhof/Schwabach"]
[WhiteTeamCountry "GER"]
[BlackTeamCountry "GER"]

1. d4 d5 2. c4 e6 3. Nf3 Nf6 4. Bg5 Be7 5. e3 Nbd7 6. Nc3 0-0 7. Qc2 c6 8. Rd1 Re8 9. a3 Nf8 10. Bd3 Bd7 11. h3 dxc4 12. Bxc4 Nd5 13. Bxe7 Qxe7 14. Ne4 Rec8 15. 0-0 Kh8 16. Rd2 Be8 17. Bd3 f6 18. Ng3 Ng6 19. Rfd1 Bf7 20. e4 Nb6 21. b4 a5 22. bxa5 Rxa5 23. Rb1 Na8 24. a4 b6 25. Qb3 Qa7 26. e5 Ne7 27. exf6 gxf6 28. Bc2 Rg8 29. Qe3 Rg7 30. Qh6 Ng8 31. Qh4 Qe7 32. Re2 Qd7 33. Qf4 Rd5 34. Qb8 Qd8 35. Qb7 Be8 36. Qa6 Ra5 37. Qc4 Bd7 38. Qd3 Ne7 39. Rbe1 Nd5 40. Qd2 Qg8 41. Qh6 Nac7 42. Nd2 Ne8 43. Ndf1 1/2-1/2

[Event "Mittelfranken-chTB2b 1112"]
[Site "Germany"]
[Date "2012.02.05"]
[Round "6.4"]
[White "Korth, Manfred"]
[Black "Brunner, Wolfgang"]
[Result "1/2-1/2"]
[WhiteElo "1802"]
[BlackElo "1846"]
[PlyCount "40"]
[EventDate "2011.09.25"]
[EventType "team-tourn"]
[EventRounds "9"]
[EventCountry "GER"]
[SourceTitle "EXT 2013"]
[Source "ChessBase"]
[SourceDate "2012.11.22"]
[SourceVersion "1"]
[SourceVersionDate "2012.11.22"]
[SourceQuality "1"]
[WhiteTeam "Heideck/Hilpoltstein"]
[BlackTeam "Neumarkt"]
[WhiteTeamCountry "GER"]
[BlackTeamCountry "GER"]

1. c4 Nf6 2. Nc3 e6 3. Nf3 d5 4. cxd5 exd5 5. d4 Bd6 6. e3 0-0 7. Bd3 Nc6 8. 0-0 Re8 9. a3 Bg4 10. h3 Bh5 11. b4 a6 12. Bb2 Qd7 13. Rc1 Ne7 14. Nb1 c6 15. Nbd2 Bg6 16. Bxg6 Nxg6 17. Nb3 Ne4 18. Nc5 Qe7 19. Nxe4 Qxe4 20. Qc2 Qxc2 1/2-1/2

[Event "Mittelfranken-chTB2b 1112"]
[Site "Germany"]
[Date "2012.01.15"]
[Round "5.6"]
[White "Kittsteiner, Peter"]
[Black "Brunner, Wolfgang"]
[Result "1/2-1/2"]
[WhiteElo "1879"]
[BlackElo "1846"]
[PlyCount "79"]
[EventDate "2011.09.25"]
[EventType "team-tourn"]
[EventRounds "9"]
[EventCountry "GER"]
[SourceTitle "EXT 2013"]
[Source "ChessBase"]
[SourceDate "2012.11.22"]
[SourceVersion "1"]
[SourceVersionDate "2012.11.22"]
[SourceQuality "1"]
[WhiteTeam "Buechenbach/Roth II"]
[BlackTeam "Neumarkt"]
[WhiteTeamCountry "GER"]
[BlackTeamCountry "GER"]

1. e4 c6 2. d4 d5 3. e5 Bf5 4. Bd3 Bxd3 5. Qxd3 e6 6. Nc3 Ne7 7. Nf3 Nd7 8. 0-0 a6 9. Ne2 c5 10. c3 Nc6 11. Bg5 Qb6 12. a3 h6 13. Bh4 Rc8 14. b4 cxb4 15. cxb4 Be7 16. Rab1 Bxh4 17. Nxh4 0-0 18. g3 Ne7 19. Nc1 Rc4 20. Nb3 Qb5 21. Na5 Rc7 22. Qxb5 axb5 23. Nb3 Nb6 24. Ra1 Ra8 25. Na5 Rac8 26. Nf3 Na4 27. Kg2 b6 28. Nb3 Rc3 29. Rab1 Rc2 30. Rfc1 Nf5 31. Kf1 R8c3 32. Rxc2 Rxc2 33. Rc1 Rc4 34. g4 Ne7 35. Nfd2 Rc6 36. Rxc6 Nxc6 37. Ke2 Nb2 38. Nb1 Nc4 39. Kd3 f6 40. f4 1/2-1/2

[Event "Mittelfranken-chTB2b 1011"]
[Site "Germany"]
[Date "2011.04.03"]
[Round "8.4"]
[White "Brunner, Wolfgang"]
[Black "Mueller, Maximilian1111"]
[Result "1/2-1/2"]
[WhiteElo "1880"]
[BlackElo "1775"]
[PlyCount "40"]
[EventDate "2010.09.26"]
[EventType "team-tourn"]
[EventRounds "9"]
[EventCountry "GER"]
[SourceTitle "EXT 2012"]
[Source "ChessBase"]
[SourceDate "2011.11.24"]
[SourceVersion "1"]
[SourceVersionDate "2011.11.24"]
[SourceQuality "1"]
[WhiteTeam "Neumarkt"]
[BlackTeam "Buechenbach/Roth II"]
[WhiteTeamCountry "GER"]
[BlackTeamCountry "GER"]

1. d4 d5 2. c4 Nf6 3. Nc3 e6 4. Bg5 Be7 5. e3 c6 6. a4 Ne4 7. Bxe7 Qxe7 8. Qb3 Nxc3 9. bxc3 0-0 10. Nf3 Nd7 11. cxd5 exd5 12. Bd3 Nf6 13. 0-0 Ne4 14. Bxe4 dxe4 15. Nd2 Bf5 16. Rab1 b6 17. Rfd1 Qg5 18. Kh1 Qg6 19. Qb4 Bg4 20. Re1 Rfe8 1/2-1/2

[Event "Mittelfranken-chTB2b 0809"]
[Site "Mittelfranken"]
[Date "2009.01.11"]
[Round "4.4"]
[White "Brunner, Wolfgang"]
[Black "Schanz, Karlheinz"]
[Result "1-0"]
[WhiteElo "1881"]
[BlackElo "1825"]
[PlyCount "67"]
[EventDate "2008.10.12"]
[EventType "team"]
[EventRounds "9"]
[EventCountry "GER"]
[SourceTitle "EXT 2011"]
[Source "ChessBase"]
[SourceDate "2010.11.26"]
[SourceVersion "1"]
[SourceVersionDate "2010.11.26"]
[SourceQuality "1"]
[WhiteTeam "Neumarkt"]
[BlackTeam "Muehlhof/Schwabach"]
[WhiteTeamCountry "GER"]
[BlackTeamCountry "GER"]

1. d4 f5 2. g3 Nf6 3. Bg2 e6 4. c4 c5 5. Qb3 Nc6 6. d5 exd5 7. cxd5 Na5 8. Qd3 d6 9. Bd2 b6 10. Na3 Nb7 11. Nh3 Qd7 12. Nf4 Be7 13. Ne6 g6 14. Nb5 Bd8 15. Bg5 Kf7 16. 0-0 a6 17. Nbc7 Ra7 18. Nxd8+ Rxd8 19. Ne6 Rg8 20. Bxf6 Kxf6 21. e4 Nd8 22. Qc3+ Ke7 23. exf5 gxf5 24. Rfe1 Kf7 25. Qd3 Kf6 26. Qd2 Nf7 27. Qc3+ Kg6 28. Nf4+ Kh6 29. Re6+ Rg6 30. Nxg6 hxg6 31. Qf6 Ne5 32. f4 Qf7 33. fxe5 dxe5 34. Qh8+ 1-0

[Event "Mittelfranken-chTB2b 0809"]
[Site "Mittelfranken"]
[Date "2008.10.26"]
[Round "2.4"]
[White "Horneber, Thomas"]
[Black "Brunner, Wolfgang"]
[Result "0-1"]
[WhiteElo "1900"]
[BlackElo "1881"]
[PlyCount "24"]
[EventDate "2008.10.12"]
[EventType "team"]
[EventRounds "9"]
[EventCountry "GER"]
[SourceTitle "EXT 2011"]
[Source "ChessBase"]
[SourceDate "2010.11.26"]
[SourceVersion "1"]
[SourceVersionDate "2010.11.26"]
[SourceQuality "1"]
[WhiteTeam "Heilsbronn"]
[BlackTeam "Neumarkt"]
[WhiteTeamCountry "GER"]
[BlackTeamCountry "GER"]

1. e4 e6 2. d4 d5 3. Nc3 Nf6 4. Bg5 Be7 5. e5 Nfd7 6. Bxe7 Qxe7 7. f4 a6 8. Nf3 c5 9. Be2 Nc6 10. a4 0-0 11. Qd2 cxd4 12. Qxd4 Nxd4 0-1